América en la colección de documentos inéditos para la historia de España /
Bibliografía de los documentos que se encuentran relacionados con la coquista de América. El catálogo está dividido de acuerdo al criterio geográfico de la siguiente manera: América en general, Isla Española, Nueva España, Guatemala, Nueva Granada, Perú, Chile, provincias del Río de la Plata, Brasil...
محفوظ في:
| المؤلف الرئيسي: | |
|---|---|
| التنسيق: | كتاب |
| اللغة: | الإسبانية |
| منشور في: |
Sevilla, España :
Escuela de Estudios Hispanoamericanos de Sevilla,
1971, c1970
|
| الموضوعات: | |
| الوسوم: |
لا توجد وسوم, كن أول من يضع وسما على هذه التسجيلة!
|
MARC
| LEADER | 00000nam^a2200000^a^4500 | ||
|---|---|---|---|
| 001 | 000112668 | ||
| 005 | 20250521000000.0 | ||
| 009 | 20260310093916.518 | ||
| 037 | |a Acervo ITESO - Biblioteca | ||
| 041 | |a ESP | ||
| 082 | |a 980. 0130016 |b DIA | ||
| 100 | |a Díaz-Trechuelo López-Spínola, María Lourdes |e (autor) | ||
| 245 | 1 | 0 | |a América en la colección de documentos inéditos para la historia de España / |c M.L. Díaz-Trechuelo López Spínola. |
| 264 | 4 | |a Sevilla, España : |b Escuela de Estudios Hispanoamericanos de Sevilla, |c 1971, c1970 | |
| 300 | |a 104 p. | ||
| 336 | |a texto |b txt |2 rdacontenido | ||
| 337 | |a sin mediación |b n |2 rdamedio | ||
| 338 | |a volumen |b nc |2 rdasoporte | ||
| 520 | |a Bibliografía de los documentos que se encuentran relacionados con la coquista de América. El catálogo está dividido de acuerdo al criterio geográfico de la siguiente manera: América en general, Isla Española, Nueva España, Guatemala, Nueva Granada, Perú, Chile, provincias del Río de la Plata, Brasil y documentos varios. Se especifica en donde se puede encontrar cada uno de estos documentos. | ||
| 649 | |a XX | ||
| 650 | |a América - |x Historia - |x Bibliografías | ||
| 650 | |a América - |x Historia - |y Epoca Colonial | ||
| 650 | |a España - |x Historia - |x Bibliografías | ||
| 650 | |a España - |x Historia - |y Fernando e Isabel, 1479-1516 | ||
| 650 | |a España - |x Historia - |y Casa de Austria, 1516-1700 | ||
| 910 | |a Fondo Salvador Reynoso Reynoso | ||
| 920 | |a Impresos - Libros | ||
| 930 | |a Fondos Especiales | ||
| 905 | |a 112 | ||
| 901 | |a 0800001759 |b IT2 |c ESP |u 20250521 | ||
| 902 | |a https://opac.biblio.iteso.mx/vufind/Record/000112668 | ||